| 000 | 00883nam a22002177a 4500 | ||
|---|---|---|---|
| 005 | 20110803114217.0 | ||
| 010 | _aB-437508 | ||
| 020 |
_a9788186685303 _c145.00 |
||
| 020 |
_a8186685308 _c145.00 |
||
| 035 | _aB-437508 | ||
| 037 | _bAllied/DE/2010/CR/0003015/31.3.11/293/24.3.11/191/31.3.11 | ||
| 082 | _a613.7046 | ||
| 100 |
_aThakur, Bharat _931133 |
||
| 245 |
_aYoga for stress relief _cby Bharat Thakur |
||
| 260 |
_aNew Delhi _bWisdom Tree _c2009. |
||
| 270 |
_a4779/23, Ansari Road _bNew Delhi _e110002 |
||
| 300 |
_avii,112 p. _bill _c15 cm (Pbk) |
||
| 942 |
_2ddc _cEN _h613.7046 _mTHA |
||
| 999 |
_c54815 _d54815 |
||